Advanced strength of materials (Record no. 6074)

000 -LEADER
fixed length control field 00525nam a2200193 4500
001 - CONTROL NUMBER
control field 6074
003 - CONTROL NUMBER IDENTIFIER
control field BD-DhHUET
008 - FIXED-LENGTH DATA ELEMENTS--GENERAL INFORMATION
fixed length control field 790809s1952 nyua 001 0 eng
020 ## - INTERNATIONAL STANDARD BOOK NUMBER
International Standard Book Number 070164002
040 ## - CATALOGING SOURCE
Original cataloging agency DLC
Transcribing agency DLC
Modifying agency BD-DhHUET
082 ## - DEWEY DECIMAL CLASSIFICATION NUMBER
Classification number 620.11
Item number DEN/1952
100 1# - MAIN ENTRY--PERSONAL NAME
Personal name Den Hartog, J. P.
245 10 - TITLE STATEMENT
Title Advanced strength of materials
Statement of responsibility, etc. by Den Hartog, J. P.
250 ## - EDITION STATEMENT
Edition statement 1st ed.
260 ## - PUBLICATION, DISTRIBUTION, ETC. (IMPRINT)
Place of publication, distribution, etc. New York
Name of publisher, distributor, etc. McGraw-Hill
Date of publication, distribution, etc. 1952
300 ## - PHYSICAL DESCRIPTION
Extent ix,379 p.
Other physical details illus.
Dimensions 24 cm.
650 #0 - SUBJECT ADDED ENTRY--TOPICAL TERM
Topical term or geographic name as entry element Strength of materials: engineering
942 ## - ADDED ENTRY ELEMENTS (KOHA)
Koha item type General Book
Holdings
Damaged status Withdrawn status Source of classification or shelving scheme Shelving location Koha normalized classification for sorting Copy number Sublocation or collection (holding branch) Price effective from Date acquired Koha item type Not for loan Koha full call number Lost status Location (home branch) Koha date last seen Piece designation (barcode)
   Circulation section620_000000000000000_11DEN19521Central Library, BUET2014-11-302014-11-30General Book 620.11/DEN/1952 Central Library, BUET2014-11-3087925
   Circulation section620_110000000000000_DEN_19522Central Library, BUET2015-04-232015-04-23General Book 620.11/DEN/1952 Central Library, BUET2015-04-2329906
   Circulation section620_110000000000000_DEN_19523Central Library, BUET2015-04-232015-04-23General Book 620.11/DEN/1952 Central Library, BUET2015-04-2329901
   Circulation section620_110000000000000_DEN_19524Central Library, BUET2015-04-232015-04-23General Book 620.11/DEN/1952 Central Library, BUET2015-04-2334760
   Circulation section620_110000000000000_DEN_19525Central Library, BUET2015-04-232015-04-23General Book 620.11/DEN/1952 Central Library, BUET2015-04-2329903
   Circulation section620_110000000000000_DEN_19526Central Library, BUET2015-04-232015-04-23General Book 620.11/DEN/1952 Central Library, BUET2015-04-2334761
   Circulation section620_110000000000000_DEN_19527Central Library, BUET2015-04-232015-04-23General Book 620.11/DEN/1952 Central Library, BUET2015-04-2329908
   Circulation section620_110000000000000_DEN_19528Central Library, BUET2015-04-232015-04-23General Book 620.11/DEN/1952 Central Library, BUET2015-04-2329905
   Circulation section620_110000000000000_DEN_19529Central Library, BUET2015-04-232015-04-23General Book 620.11/DEN/1952 Central Library, BUET2015-04-2329904
   Circulation section620_110000000000000_DEN_195210Central Library, BUET2015-04-252015-04-25General Book 620.11/DEN/1952 Central Library, BUET2015-04-2534762
   Circulation section620_110000000000000_DEN_195211Central Library, BUET2015-04-252015-04-25General Book 620.11/DEN/1952 Central Library, BUET2015-04-2529907